000 00807nam a2200205 i 4500
001 46739
003 ES-MaACL
005 20250830044956.0
007 t|
008 030331s1972 sp ||||1| spa d
111 2 _aCongreso Internacional de Teología del Concilio Vaticano II
_d(1966.
_cRoma)
_9457
245 1 0 _aActas del Congreso Internacional de Teología del Concilio Vaticano II /
_cedición preparada por Adolfus Schönmtzer ; traducido por Antonio Martínez Riu y Vicente Modrego Clemente.
260 _aBarcelona :
_bJuan Flors,
_c1972.
300 _aLXXIX, 858 p., 2 lám. ;
_c24 cm.
700 1 _aSchönmtzer, Adolfus.
_9104647
700 1 _aMartínez Riu, Antonio.
_978364
700 1 _aModrego Clemente, Vicente.
_981753
852 _aES-MaACL
_jC-50252
_bR.85103
999 _c46739
_d46739